| 000 | 00879nam a22002897a 4500 | ||
|---|---|---|---|
| 003 | DO-SdBNP | ||
| 005 | 20180220154204.0 | ||
| 008 | 180220b 1989 sp a 00| 0 spa d | ||
| 020 | _a9788434830707 | ||
| 040 |
_aBPMSU _bspa _cBPMSU |
||
| 082 | 4 |
_a863.6 _bM539p, 1989 |
|
| 100 | 1 | _aMendo, Miguel Ángel | |
| 245 | 1 |
_aPor un maldito anuncio / _cMiguel Ángel Mendo ; Ilustraciones Joan Verdú |
|
| 250 | _a | ||
| 260 |
_aMadrid : _bSM, _c1989. |
||
| 300 |
_a121 p.: _bil. ; _g20 cm. |
||
| 490 | 1 |
_a El barco de vapor _v190 |
|
| 586 | _aPremio lazarillo 1989 | ||
| 650 | _aNOVELA JUVENIL ESPAÑOLA | ||
| 650 |
_aCUMPLEAÑOS _vNOVELA JUVENIL |
||
| 650 |
_aPUBLICIDAD _vNOVELA JUVENIL |
||
| 700 | 1 |
_aVerdú, Joan, _eil. |
|
| 830 |
_aEl barco de vapor _n190 |
||
| 942 |
_2ddc _cBK |
||
| 945 | _aInventariado, 2018 / BT | ||
| 956 |
_aBTAVAREZ _b10 _d20180220 _fBPMSU _h0038 |
||
| 999 |
_c13325 _d13325 |
||